000 00457nam a2200145 a 4500
001 000044602
005 20201002045507.0
008 140721s1993 gr ac 000 0 spa d
020 _a9243544365
040 _aDO-SdBNP
_bspa
_cBNPHU
245 0 0 _aTratamiento del paludismo grave y complicado :
_bguía práctica.
260 _aGinebra :
_bOMS,
_c1993.
300 _a56 p. :
_bil., retrs. ;
_c20 cm.
710 1 2 _aOrganización Mundial de la Salud (Ginebra)
_972632
999 _c44091
_d44091